000 00787nam a2200193Ia 4500
003 GCL
008 140319s9999 xx 000 0 ara d
020 _a5511470977
040 _aGCL /
_cGCL
082 0 4 _aق
_b962.04
_bا ش
100 1 _aابتسام عبدالفتاح عنايت
245 1 0 _aالشهيد الحى : عبدالفتاح عنايت صفحات من تاريخ الفدائية المصرية /
_cابتسام عبدالفتاح عنايت
250 _aالاولى
260 _aالقاهرة :
_bالزهراء للاعلام العربى ،
_c1987
300 _a189 ص ؛
_c22 سم
650 0 4 _aمصر - تاريخ - العصر الحديث - الاحتلال البريطانى
650 0 4 _aمصر - تاريخ - العصر الحديث
942 _2ddc
_cBK
999 _c57759
_d57759